| 000 | 01737cac a2200409 i 4500 | ||
|---|---|---|---|
| 003 | EG-GICUC | ||
| 005 | 20260121101633.0 | ||
| 008 | 800930c1975 nyuar fr 0 a0eng d | ||
| 022 | 1 |
_a0272-2151 _21 |
|
| 040 |
_aDLC _beng _cDLC _dNSD _dDLC _dNST _dHUL _dNST _dHUL _dNST _dDLC _dCLU _dSYS _dOCLCQ _dOCLCO _dOCLCF _dOCLCO _dYDXCP _dYDX _dLRP _dOCLCQ _dGILDS _dUKMGB _dOCLCA _dOCLCO _dOCLCL _dOCLCQ _dEG-GICUC _erda |
||
| 043 | _an-us--- | ||
| 050 | 0 | 0 |
_aKF9618 _b.L38 |
| 082 | 0 | 4 |
_a343.3.073 _221 |
| 092 | 0 | 4 | _221 |
| 099 | _aLaw 10 1975 | ||
| 222 | 0 | _aLeading constitutional cases on criminal justice | |
| 245 | 0 | 0 |
_aLeading constitutional cases on criminal justice / _cedited by Lloyed L. Weinreb. |
| 250 | _a1975 edition. | ||
| 264 |
_aMineola, N.Y., _bThe Foundation Press, _c1975. |
||
| 300 |
_ax, 732 pages ; _c26 cm |
||
| 336 |
_atext _btxt _2rdacontent |
||
| 337 |
_aunmediated _bn _2rdamedia |
||
| 338 |
_avolume _bnc _2rdacarrier |
||
| 362 | 0 | _a1973- ed. | |
| 590 | _aSERBIB/SERLOC merged record | ||
| 650 | 0 |
_aCriminal procedure _zUnited States _vCases. |
|
| 650 | 0 |
_aCriminal justice, Administration of _zUnited States _vCases. |
|
| 651 | 7 |
_aUnited States. _2fast _0(OCoLC)fst01204155 _1https://id.oclc.org/worldcat/entity/E39PBJtxgQXMWqmjMjjwXRHgrq |
|
| 655 | 4 | _aCases. | |
| 655 | 7 | _aTrials, litigation, etc. | |
| 700 | 1 |
_aWeinreb, Lloyd L., _d1936-2021. _1https://id.oclc.org/worldcat/entity/E39PBJdRvQptP6hdJdkVmDBHG3 |
|
| 776 | 0 | 8 |
_iOnline version: _tLeading constitutional cases on criminal justice _w(OCoLC)565213225 |
| 776 | 0 | 8 |
_iOnline version: _tLeading constitutional cases on criminal justice _w(OCoLC)605892403 |
| 856 | 4 | 0 | _uhttps://fll.law.cu.edu.eg/fulltext/bks/ENGB10-00135.pdf |
| 905 | _a10 | ||
| 942 |
_2ddc _cBK _e21 _n0 |
||
| 999 |
_c53729 _d53729 |
||